000 00665nam a2200229 a 4500
001 BRL_1449
005 20190320211218.0
008 150114s1978----mx-oa#####---#000-0#spa-#
041 _aspa
044 _amx
050 4 _aF1219.3.M4
_b.M69 1978
100 1 _aMoya Rubio, Víctor José
_926956
245 1 0 _aMáscaras
_bla otra cara de México
_cVíctor José Moya Rubio.
260 _aMéxico
_bUNAM, Coordinación de Humanidades
_c1978
300 _a253 p.
_bil., fotografía
_c28 cm.
440 0 _aLibros de arte
_926957
500 _aAu1747
504 _aBibliografía: p. 251 -252
650 1 4 _aMáscaras
_zMéxico
_94284
902 _aGRL
942 _2lcc
_cB
999 _c10259
_d10259